| 000 | 01002nam a2200265Ia 4500 | ||
|---|---|---|---|
| 003 | OSt | ||
| 005 | 20221005103545.0 | ||
| 006 | a|||||r|||| 00| 0 | ||
| 007 | ta | ||
| 008 | 221004b |||||||| |||| 00| 0 hin d | ||
| 020 |
_a9788190484879 (hbk) _cIndian Rupees 500.00 |
||
| 024 | _a27657 | ||
| 037 |
_bGift, 02/09/2016, _cTextual |
||
| 040 |
_aCRL _cCRL _bhin |
||
| 041 |
_2hin _ahin |
||
| 082 | _a2N7, 152Q6 | ||
| 100 | _aतातेड़, सोहन राज | ||
| 245 | 0 | _aसूचना एवं सम्प्रेक्ष्ण तकनीक | |
| 246 | _aSūchanā evan samprekṣhṇa takanīka | ||
| 260 |
_aजयपुर _bश्रीकविता प्रकाशन भारत _c2016 |
||
| 300 |
_a280पृ0 _ccm. |
||
| 650 | _aपुस्तकालय-सूचना प्रौद्योगिकी | ||
| 942 |
_h2N7, 152Q6 _cTEXL _2cc |
||
| 999 |
_c1010278 _d1010278 |
||